000 01205nam a22003137i 4500
003 EG-ScBUE
005 20250622085801.0
008 131027t1993 nyua f d 001 0 eng d
020 _a0780353846
020 _a9780780353848
040 _aEG-ScBUE
_beng
_erda
_cEG-ScBUE
_dEG-ScBUE
082 0 4 _a537
_bELL
_222
100 1 _aElliott, Robert Stratman,
_d1921-
_eauthor.
_934213
245 _aElectromagnetics :
_bhistory, theory, and applications /
_cRobert S. Elliott, hughes chair professor of electromagnetics, University of California, Los Angles.
264 1 _aNew York :
_bThe Institute of Electrical and Electronics Engineers, Inc.,
_c[1993]
264 4 _cc1993
300 _axxii, 631 pages :
_billustrations ;
_c26 cm.
336 _2rdacontent
_atext
_btxt
337 _aunmediated
_2rdamedia
_bn
338 _avolume
_bnc
_2rdacarrier
490 0 _aIEEE Press series on electromagnetic waves
500 _a"IEEE Antennas and Propagation Society, sponsor."
500 _aIncludes glossary.
500 _aIncludes indexes.
504 _6"IEEE Antennas and Propagation Society, sponsor."
650 7 _aElectromagnetic theory.
_2BUEsh
_934217
655 _vReading book
942 _2ddc
_cBB
999 _c17683
_d17655